000 00575nam a2200169 4500
008 151214b xxu||||| |||| 00| 0 eng d
020 _a9780521171786
082 _2c2011
_aDK12 570
_bW218
100 _91208
_aWalpole, Brenda.
245 _aBiology for the IB diploma/
_cBrenda Walpole, Ashby Merson-Davies and Leighton Dann.
260 _aCambridge:
_bCambridge University,
_cc2011.
300 _avi, 602 pages:
_billustrations;
_c28 cm.
500 _aIncludes glossary, index, acknowledgment.
650 0 _91209
_aBiology.
700 _91211
_aDann, Leighton.
942 _2ddc
_cDC
999 _c476
_d476